Atlas regional del Perú : (Registro nro. 217)

Detalles MARC
000 -Cabecera
Campo de control interno 01321nam a2200253Ia 4500
005 - Fecha y hora del registro
control field 20251203123019.0
008 - Elementos de Longitud Fija
fixed length control field 251203t2004||||xx |||||||||||||| ||spa||
020 ## - ISBN
ISBN 9972403114
041 ## - Idioma
Codigo Idioma ESP
082 ## - DEWEY y NOTACIÓN INTERNA
Dewey RT 918.5
Notación Interna P38A
100 ## - AUTOR
Autor denominación Garayar, Carlos,
Títulos y otras palabras asociadas con el nombre DIR
110 ## - AUTOR INSTTITUCIONAL
Autor Institucional Peisa
245 #0 - TÍTULO DE MATERIAL BIBLIOGRÁFICO
Título Atlas regional del Perú :
Título paralelo imagen geográfica, estadística, histórica y cultural. Tomos 1-24
260 ## - CIUDAD, EDITORIAL, AÑO
Ciudad Lima :
Nombre de la Editorial Peisa,
Año 2004
300 ## - DESCRIPCIÓN
N° Páginas 111 páginas :
Otros detalles ilustraciones, fotografias, mapas ;
Dimensiones 27 cm.
Material Adicional
440 ## - MENCIÓN DE SERIE
Título de la Serie
Número de Serie
Volumen de Serie
505 ## - TABLA DE CONTENIDO
Tabla de Contenido Contiene: Tomo 1: Cuzco. - Tomo 2: Piura. – Tomo 3. Arequipa. – Tomo 4: Junín. – Tomo 5: Amazonas. – Tomo 6: Huánuco. – Tomo 7: Puno. – Tomo 8: Lambayeque. – Tomo 9: Tacna. – Tomo 10: La Libertad. – Tomo 11: Huancavelica. – Tomo 12: Madre de Dios. – Tomo 13: Cajamarca. – Tomo 14: Lima / Callao. - Tomo 15: Pasco. – Tomo 16: Ucayali. – Tomo 17: Tumbes. – Tomo 18: Loreto. – Tomo 19: Ayacucho. – Tomo 20: Moquegua. – Tomo 21: Ica. – Tomo 22: Áncash. – Tomo 23: San Martín. – Tomo 24: Apurímac.
650 ## - TEMAS
Temas Geografía
653 ## - DESCRIPTORES
Lenguajes no controlado Perú - Geografía; Perú - Descripciones y viajes; Atlas
654 ## - PROGRAMAS
Programa Todos los programas
700 ## - OTROS AUTORES
Otros autores Gastelo, Darío; Llosa, Eliana; Nieto Degrogori, Luis,
Títulos y otras palabras asociadas con el nombre autores
942 ## - ELEMENTOS DE KOHA
Tipo de documento Libro
Nombre del creador Justo Noguera
Código de catalogador Margarita Torres
Esquema de clasificación Dewey Decimal Classification
Suppress in OPAC
Existencias
Codigo completo Registro Colección Copia número Disponibilidad Tipo de préstamo Biblioteca Actual Procedencia (Biblioteca) Ubicacón Fecha Ingreso Tipo de Adquisición Date last seen Total checkouts Price effective from Tipo de Item Estado del Material Fuente de Clasificación Damaged status Withdrawn status
RT 918.5 P38A 1085088 Colección Vera Bejar 1   Restringido Víctor Andrés Belaunde Víctor Andrés Belaunde Planta baja cerrada 03/12/2025 Donación 03/12/2025   03/12/2025 Libro Bueno Dewey Decimal Classification   Withdrawn